| 000 | 01301nam a2200349 c 4500 | ||
|---|---|---|---|
| 003 | BLK | ||
| 005 | 20240516152659.0 | ||
| 008 | 180408b bul|||||r ||||||| ||bul|| | ||
| 010 | _aKNG00088721000 | ||
| 020 |
_a978-954-340-105-5 _bиздат.: Милениум |
||
| 040 | _aBLK | ||
| 041 |
_aBUL _cBUL |
||
| 080 |
_aАнглийска литература _b821.111 _x-312.4 _z821.111-312.4 |
||
| 100 | 1 |
_aКолинс, Уилки _eпърви автор _9241640 |
|
| 700 | 1 |
_aМилев, Никола _eпрев. от англ. _9364883 |
|
| 139 |
_aКолинс, Уилки _bК 78 |
||
| 245 | 1 | 0 |
_aЛунният камък _cУилки Колинс; прев. от англ. Никола Милев. |
| 250 | _a4. изд. | ||
| 257 | _aGBR | ||
| 260 |
_аСофия _bМилениум _c2008 _fСофия : Мултипринт |
||
| 300 |
_a655 с. _c20 см |
||
| 380 | _aX | ||
| 500 | _aОриг. загл. The Moonstone / Wilkie Collins - 1. изд. 1970 на изд. Нар. младеж ; В кн. означено 3. изд. | ||
| 653 | _aкрими | ||
| 653 | _aромани | ||
| 852 | _aЦб 243520 | ||
| 856 | 4 |
_qpdf _u |
|
| 856 | 4 |
_qpdf _u |
|
| 942 |
_cKNG _n0 _07 |
||
| 944 |
_aCR _c06.04.2009 _k30564 _lГалина Якимова |
||
| 944 |
_aED _c11.09.2009 _k |
||
| 999 |
_c84155 _d84155 |
||